Заявление присяжного поверенного Б. Ф. Тарасова прокурору Иркутской судебной палаты о незаконных обысках и арестах, производимых...

Доступно только в Электронных читальных залах Найти на картеНа карте
RUSMARC
00003898nac2a22002651x 450
00100343654-93d0-458e-bcc8-016828c7ffb6
00520130828133337.0
100##$a20130529l1927 k y0rusy50 ca
1010#$arus
102##$aRU
105##$ay z |||||
2001#$aЗаявление присяжного поверенного Б. Ф. Тарасова прокурору Иркутской судебной палаты о незаконных обысках и арестах, производимых жандармским штаб-офицером в г. Красноярске полковником Байковым
$j[19--]
215##$a2 листа
251##$cДело
300##$aТекст машинописный
330##$aДокументальные материалы, отложившиеся в результате служебной и общественной деятельности А. Ф. Кони; По должности сенатора и члена Государственного совета
461#0$10013a54f2e3-e9cf-409b-80fa-f0a9bd3c40cb
$12001
$aКони Анатолий Федорович, юрист, литератор, член академии наук, председатель Санкт-Петербургского окружного суда, член государственного совета
$1251
$cФонд
$1852
$j564
462#0$100178a475cd-a47d-4377-bff3-cee4b81de655
$12001
$aОпись дел фонда А. Ф. Кони за 1880-1931 гг.
$1251
$cОпись
$1852
$j1
600#1$aКони
$bА. Ф.
$f1844-1927
$gАнатолий Федорович
600#1$aТарасов
$bБ. Ф.
$gБорис Фавстович
600#1$aБайков
60102$aИркутская судебная палата
801#0$aRU
$bGA_RF
801#1$aRU
$bНПО Опыт
$c20130529
$2rusmarc
801#2$aRU
$bПБ им. Б.Н. Ельцина
$c20130828
$gRCR
$2rusmarc
852##$aГА РФ
$j727
937##$d31082847
$hПБ
035##$aRuPRLIB51002794
Формат отображения